000 00703nam a22002177a 4500
003 OSt
005 20220811142121.0
008 120831t xxu||||| |||| 00| 0 eng d
024 _a10360
040 _cWIUC-GH
050 _aRC961.O64
100 _aOrchard, Treena
_9114
245 _aHealth sciences 3630F. /
_cTreena Orchard
246 _aSpecial topics: Sexuality, gender and health
250 _aSeptember 2012
260 _aLondon, Ontario:
_bUWO,
_c2012.
300 _aiii, 318 p:
_bill,;
500 _aIncludes index.
505 _aCotents: Overview of key concepts -- The body -- Other sexualities and genders -- At the intersection of sexuality, gender, and health --
942 _2lcc
_cBK
999 _c9128
_d16628